[Event "Tourn. n10232"]
[Site "www.chess-mail.com"]
[Date "2020.03.10"]
[Round "1"]
[White "Jerome"]
[Black "Aperturaf"]
[WhiteElo "2770"]
[BlackElo "2770"]
[Result "1-0"]
[Round "1"]
1.e4 e6
2.d4 d5
3.Nb1c3 Ng8f6
4.Bc1g5 dxe4
5.Nc3xe4 Bf8e7
6.Bg5xf6 gxf6
7.Ng1f3 Nb8d7
8.Qd1d2 a6
9.O-O-O b5
10.d5 Nd7b6
11.Qd2h6 Nb6xd5
12.c4 bxc4
13.Bf1xc4 c6
14.Kb1 f5
15.Ne4g3 Be7f8
16.Qh6c1 Bf8g7
17.Rh1e1 Ra8b8
18.Bc4b3 O-O
19.Ng3h5 Rb8b7
20.Nh5xg7 Kxg7
21.Qc1xc6 Qd8f6
22.Nf3e5 Nd5e7
23.Qc6d6 Ne7g6
24.Ne5c4 Qf6e7
25.Qd6d4 Qe7f6
26.Qd4c5 Rb7b5
27.Qc5a3 Rb5b8
28.Nc4d6 Bc8b7
29.Nd6xb7 Rb8xb7
30.Qa3xa6 Rf8b8
31.Qa6d3 h6
32.Rd1d2 Rb7b4
33.Re1c1 f4
34.Rc1c5 Ng6h4
35.g4 Nh4g6
36.h3 Rb8b6
37.Qd3c2 Rb6b7
38.Rc5c4 Rb4b5
39.Qc2c3 h5
40.Bb3d1 hxg4
41.hxg4 Qf6xc3
42.Rc4xc3 Rb5e5
43.a4 Re5e1
44.a5 Rb7a7
45.b4 Ng6e7
46.Rc3c4 Ne7d5
47.Kb2 { resign }
1-0

[Event "Tourn. n10310"]
[Site "www.chess-mail.com"]
[Date "2020.03.10"]
[Round "1"]
[White "Fantomas"]
[Black "D4minance"]
[WhiteElo "2220"]
[BlackElo "2870"]
[Result "0-1"]
[Round "1"]
1.e3 Ng8f6
2.d4 g6
3.Nb1c3 d5
4.Ng1f3 Bf8g7
5.Bf1e2 O-O
6.O-O Nb8d7
7.h3 c5
8.b3 b6
9.Bc1b2 Bc8b7
10.Be2d3 Qd8c7
11.Rf1e1 a6
12.Bd3f1 Rf8c8
13.Ra1c1 Rc8e8
14.Nc3e2 Ra8d8
15.c3 Nf6e4
16.Ne2f4 c4
17.b4 e5
18.Nf4e2 f6
19.Nf3d2 b5
20.a3 Nd7b6
21.Nd2xe4 dxe4
22.Qd1c2 f5
23.Rc1d1 f4
24.Bb2c1 Nb6d5
25.Kh1 Qc7f7
26.Ne2g1 exd4
27.exd4 g5
28.f3 e3
29.Bc1b2 Qf7h5
30.Ng1e2 Qh5h4
31.Ne2g1 Nd5f6
32.Rd1a1 g4
33.Qc2d1 gxh3
34.Ng1xh3 Rd8d6
35.Re1e2 Nf6h5
36.Qd1e1 Nh5g3
37.Kh2 Ng3xf1
38.Qe1xf1 Qh4g3
39.Kh1 Rd6h6
{ resign }
0-1

[Event "Match"]
[Site "www.echecsemail.com"]
[Date "2020.03.10"]
[Round "1"]
[White "Aiko1603"]
[Black "Peterpawn"]
[WhiteElo "2090"]
[BlackElo "2059"]
[Result "1-0"]
[Round "1"]
1.c4 c5
2.Nb1c3 Nb8c6
3.g3 g6
4.Bf1g2 Bf8g7
5.Ng1f3 Ng8f6
6.O-O O-O
7.d3 d6
8.Bc1g5 Bc8g4
9.h3 Bg4xf3
10.Bg2xf3 h6
11.Bg5xf6 exf6
12.e3 Rf8e8
13.Bf3g2 f5
14.Ra1b1 Bg7xc3
15.bxc3 Ra8b8
16.d4 Nc6a5
17.Bg2d5 b6
18.Qd1d2 cxd4
19.cxd4 { resign }
1-0

[Event "Match"]
[Site "www.echecsemail.com"]
[Date "2020.03.10"]
[Round "1"]
[White "Peterpawn"]
[Black "Apdash"]
[WhiteElo "2059"]
[BlackElo "2210"]
[Result "0-1"]
[Round "1"]
1.e4 e5
2.Ng1f3 Nb8c6
3.d4 Nc6xd4
4.Nf3xd4 exd4
5.Qd1xd4 d6
6.e5 Bc8e6
7.Bc1f4 dxe5
8.Qd4xd8 Ra8xd8
9.Bf4xe5 c6
10.Nb1c3 f6
11.Be5g3 Bf8b4
12.Bf1e2 Bb4xc3
13.bxc3 Ng8e7
14.O-O Be6f5
15.Rf1c1 Rd8d2
16.Be2d1 Ne7d5
17.c4 Nd5c3
18.Bd1f3 Kf7
19.Bg3f4 Rd2d7
20.g4 Bf5g6
21.a4 Rh8e8
22.Ra1a3 Nc3e2
23.Bf3xe2 Re8xe2
{ resign }
0-1

[Event "Match"]
[Site "www.echecsemail.com"]
[Date "2020.03.10"]
[Round "1"]
[White "Apdash"]
[Black "Estonia"]
[WhiteElo "2220"]
[BlackElo "1940"]
[Result "1-0"]
[Round "1"]
1.e4 e5
2.Ng1f3 Nb8c6
3.Bf1c4 Ng8f6
4.d3 d6
5.O-O Bc8g4
6.Bc1e3 Bf8e7
7.h3 Bg4xf3
8.Qd1xf3 O-O
9.Nb1c3 Nc6a5
10.Bc4b3 c5
11.Bb3d5 Na5c6
12.Nc3e2 Nf6xd5
13.exd5 Nc6d4
14.Be3xd4 cxd4
15.c3 dxc3
16.bxc3 f5
17.Ne2g3 f4
18.Ng3e4 Qd8a5
19.c4 b5
20.Qf3g4 Ra8c8
21.Qg4e6 Rf8f7
22.Qe6xc8 Rf7f8
23.Qc8e6 Rf8f7
24.Ne4xd6 Be7xd6
25.Qe6xd6 Qa5c3
26.cxb5 Qc3xd3
27.Qd6xe5 f3
28.Ra1c1 Rf7f8
29.Rc1c7 fxg2
30.Qe5xg7 { resign }
1-0

[Event "Match"]
[Site "www.echecsemail.com"]
[Date "2020.03.10"]
[Round "1"]
[White "Ll69"]
[Black "Jesmantiz"]
[WhiteElo "2290"]
[BlackElo "2100"]
[Result "1-0"]
[Round "1"]
1.d4 f5
2.Nb1c3 c6
3.e4 d6
4.Bf1d3 fxe4
5.Nc3xe4 Ng8f6
6.Ne4xf6 exf6
7.Qd1h5 Kd7
8.Ng1e2 Kc7
9.O-O Nb8a6
10.Bd3xa6 bxa6
11.d5 c5
12.Bc1d2 Kb7
13.b4 Ra8b8
14.bxc5 dxc5
15.Ra1b1 Ka8
16.Rb1xb8 Kxb8
17.Ne2f4 Bf8d6
18.Nf4e6 Qd8g8
19.Rf1b1 Ka8
20.Bd2f4 Bd6xf4
21.Ne6xf4 g5
22.Nf4e6 Bc8b7
23.Ne6c7 Kb8
24.Nc7xa6 Kc8
25.Na6xc5 Qg8xd5
26.Nc5xb7 Qd5xa2
27.Qh5d1 h5
28.Nb7d6 Kc7
29.Nd6e4 Rh8d8
30.Qd1c1 Qa2e6
31.f3 g4
32.Qc1f4 Kc6
33.Qf4xf6 Qe6xf6
34.Ne4xf6 gxf3
35.gxf3 h4
36.Nf6e4 a5
37.Kf2 Rd8d5
38.Ke3 Rd5f5
39.Rb1b2 a4
40.Rb2a2 Rf5a5
41.c4 a3
42.Kf4 Ra5a4
43.Kg4 Ra4xc4
44.Ra2xa3 Kd5
45.Kxh4 Ke5
46.Kg3 Rc4c8
47.Ra3a5 { resign }
1-0

[Event "Match"]
[Site "www.echecsemail.com"]
[Date "2020.03.10"]
[Round "1"]
[White "Guidom"]
[Black "Ll69"]
[WhiteElo "2150"]
[BlackElo "2290"]
[Result "0-1"]
[Round "1"]
1.e4 c5
2.Ng1f3 d6
3.Bf1c4 Ng8f6
4.d3 e6
5.O-O Bf8e7
6.c3 O-O
7.Bc1g5 Nb8c6
8.Nb1d2 h6
9.Bg5h4 Ra8b8
10.a4 g5
11.Bh4g3 Nf6h5
12.Qd1e2 Nh5xg3
13.hxg3 d5
14.exd5 exd5
15.Bc4b3 Bc8g4
16.Rf1e1 Be7f6
17.Qe2f1 Bg4f5
18.c4 Bf6xb2
19.Ra1b1 dxc4
20.Bb3xc4 Bb2g7
21.Nd2e4 Nc6a5
22.Bc4a2 b6
23.Re1d1 Bf5g6
24.Qf1e2 c4
25.dxc4 Qd8e8
26.Rd1e1 Qe8xa4
27.c5 Bg6xe4
28.Ba2xf7 Rf8xf7
29.Qe2xe4 Qa4xe4
30.Re1xe4 b5
31.Re4e6 b4
32.Re6a6 Na5c4
33.c6 b3
34.Kf1 g4
{ resign }
0-1

[Event "Tourn. n10293"]
[Site "www.chess-mail.com"]
[Date "2020.03.11"]
[Round "1"]
[White "Filidor"]
[Black "Osopanda"]
[WhiteElo "1649"]
[BlackElo "1720"]
[Result "1-0"]
[Round "1"]
1.e4 c5
2.Ng1f3 d6
3.d4 cxd4
4.Nf3xd4 Ng8f6
5.Nb1c3 a6
6.Bc1g5 e6
7.f4 Bf8e7
8.Qd1f3 Qd8c7
9.O-O-O O-O
10.Bf1d3 Nb8d7
11.Rh1e1 b5
12.Bg5xf6 Be7xf6
13.e5 Bc8b7
14.Qf3h3 g6
15.exf6 Nd7xf6
16.Qh3h4 Kg7
17.Re1xe6 Qc7d8
18.Nd4f5 gxf5
19.Qh4g5 Kh8
20.Qg5xf6 Qd8xf6
21.Re6xf6 b4
22.Nc3e2 Bb7e4
23.Rf6xd6 Be4xd3
24.Rd1xd3 a5
25.Ne2d4 Rf8d8
26.Nd4xf5 Rd8xd6
27.Rd3xd6 Kg8
28.g4 Ra8e8
29.Kd2 { resign }
1-0

[Event "Tourn. n10293"]
[Site "www.chess-mail.com"]
[Date "2020.03.11"]
[Round "1"]
[White "Osopanda"]
[Black "Cal"]
[WhiteElo "1720"]
[BlackElo "1820"]
[Result "1-0"]
[Round "1"]
1.e4 c5
2.Ng1f3 a6
3.c3 Nb8c6
4.d4 h6
5.Bf1c4 cxd4
6.cxd4 e6
7.d5 Bf8b4
8.Nb1c3 Ng8f6
9.e5 Nf6g8
10.dxc6 bxc6
11.O-O Bb4xc3
12.bxc3 Ng8e7
13.Bc1a3 O-O
14.Ba3d6 a5
15.Rf1e1 Rf8e8
16.Bc4b3 Ne7f5
17.Bb3c2 Bc8a6
18.Re1e4 Ba6b7
19.Re4g4 Ra8a6
20.Ra1b1 c5
21.Rb1xb7 Nf5xd6
22.exd6 f5
23.Rg4g6 c4
24.Nf3e5 Qd8h4
25.Rb7xd7 f4
26.Rg6xg7 Kh8
27.Rg7h7 Kg8
28.Rd7g7 Kf8
29.Ne5g6 { resign }
1-0

[Event "Tourn. n10294"]
[Site "www.chess-mail.com"]
[Date "2020.03.11"]
[Round "1"]
[White "Agmdiazj"]
[Black "Patriciomeza"]
[WhiteElo "2019"]
[BlackElo "1809"]
[Result "0-1"]
[Round "1"]
1.d4 d5
2.c4 c6
3.Nb1c3 Ng8f6
4.e3 a6
5.Ng1f3 dxc4
6.Bf1xc4 b5
7.Bc4d3 e6
8.O-O c5
9.e4 cxd4
10.Nf3xd4 Nb8d7
11.Bc1e3 Bc8b7
12.f3 Nd7e5
13.Bd3e2 Bf8c5
14.Nd4c2 Bc5xe3
15.Nc2xe3 Qd8b6
16.Qd1c1 O-O
17.Kh1 Ra8c8
18.Ne3c2 b4
19.Nc3d1 Nf6h5
20.Qc1e3 Qb6xe3
21.Nc2xe3 Nh5f4
22.Rf1e1 Rf8d8
23.Be2f1 a5
24.Nd1f2 Rd8d2
25.Nf2d1 Ne5d3
26.Bf1xd3 Nf4xd3
27.Ne3f1 Rd2c2
28.Re1e3 Bb7a6
29.Kg1 Rc2c1
{ resign }
0-1

[Event "Tourn. n10302"]
[Site "www.chess-mail.com"]
[Date "2020.03.11"]
[Round "1"]
[White "Fbeley"]
[Black "Agmdiazj"]
[WhiteElo "2030"]
[BlackElo "2009"]
[Result "0-1"]
[Round "1"]
1.e4 c5
2.Ng1f3 d6
3.c4 e6
4.d4 cxd4
5.Nf3xd4 Ng8f6
6.Nb1c3 Bf8e7
7.Bf1d3 O-O
8.O-O a6
9.Bc1e3 b6
10.f4 Bc8b7
11.e5 dxe5
12.fxe5 Nf6d7
13.Qd1h5 g6
14.Qh5h6 Nd7xe5
 { time }
0-1

[Event "Tourn. n10303"]
[Site "www.chess-mail.com"]
[Date "2020.03.11"]
[Round "1"]
[White "D4minance"]
[Black "Tartan"]
[WhiteElo "2880"]
[BlackElo "2460"]
[Result "1-0"]
[Round "1"]
1.d4 Ng8f6
2.c4 e6
3.Nb1c3 Bf8b4
4.Qd1c2 O-O
5.e4 d5
6.e5 Nf6e4
7.Bf1d3 c5
8.Ng1e2 f5
9.exf6 cxd4
10.Ne2xd4 Ne4xf6
11.cxd5 Qd8xd5
12.Bc1e3 Bb4xc3
13.Qc2xc3 Qd5xg2
14.O-O-O Nf6d5
15.Qc3a3 Qg2h3
16.Rh1g1 Nd5xe3
17.fxe3 Qh3h6
18.Rg1f1 Nb8d7
19.Bd3c4 { resign }
1-0

[Event "Tourn. n10263"]
[Site "www.chess-mail.com"]
[Date "2020.03.11"]
[Round "1"]
[White "Cal"]
[Black "Passaroa25"]
[WhiteElo "1710"]
[BlackElo "1670"]
[Result "0-1"]
[Round "1"]
1.Nb1c3 Ng8f6
2.e4 Nb8c6
3.h3 e5
4.a3 Bf8e7
5.d3 Nc6d4
6.b4 c6
7.Bc1e3 O-O
8.Be3xd4 d6
9.Ng1f3 exd4
10.Nf3xd4 Bc8d7
11.Bf1e2 Nf6e8
12.O-O Ne8f6
13.f4 Qd8b8
14.f5 b5
15.Rf1f4 Qb8b6
16.Kh2 Qb6xd4
17.Qd1d2 Qd4e5
18.g3 g5
19.Rf4f3 Qe5d4
20.g4 Qd4e5
21.Kg2 Kg7
22.Qd2xg5 Kh8
23.d4 Qe5xd4
24.Ra1d1 Qd4e5
25.Rf3g3 Qe5xc3
26.Rg3xc3 Nf6xe4
27.Rc3f3 Ne4xg5
28.Rf3e3 f6
29.c3 Ra8e8
30.h4 Ng5f7
31.Be2f3 Nf7e5
32.Bf3e4 Ne5xg4
33.Re3g3 Ng4e5
34.h5 Ne5c4
35.h6 Nc4xa3
36.Kf3 d5
37.Be4d3 Rf8g8
38.Rd1e1 Rg8xg3
39.Kxg3 Be7d6
40.Kf2 Bd6e5
41.Re1g1 Be5xc3
42.Rg1g7 Bd7c8
43.Rg7xa7 Bc3xb4
44.Ra7c7 Bb4c5
45.Kf1 Na3c4
46.Rc7xc6 Nc4d2
47.Kg2 Bc5e3
48.Rc6xf6 Re8g8
49.Kh3 b4
50.Rf6b6 Be3xb6
{ resign }
0-1

[Event "1/16 Finale"]
[Site "www.chess-mail.com"]
[Date "2020.03.12"]
[Round "1"]
[White "Vega"]
[Black "Buchauer"]
[WhiteElo "2590"]
[BlackElo "2830"]
[Result "0-1"]
[Round "1"]
1.e4 e5
2.Ng1f3 Nb8c6
3.Bf1c4 Bf8c5
4.O-O Ng8f6
5.Nb1c3 O-O
6.d3 h6
7.Nc3d5 d6
8.c3 Nf6xd5
9.Bc4xd5 Qd8f6
10.Bc1e3 Nc6e7
11.Bd5b3 Ne7g6
12.d4 Bc8g4
13.h3 exd4
14.cxd4 Bg4xf3
15.Qd1xf3 Bc5xd4
16.Qf3xf6 Bd4xf6
17.Ra1c1 Ra8c8
18.Rc1c2 Rf8e8
19.f3 a6
20.Rf1d1 h5
21.Kf1 Bf6e5
22.a4 h4
23.Be3f2 c6
24.Bf2d4 Be5g3
25.Bd4f2 Kf8
26.Bf2xg3 hxg3
27.Rd1xd6 Rc8d8
28.Rd6xd8 Re8xd8
29.Ke1 a5
30.Bb3c4 Ng6f4
31.Bc4f1 Rd8d4
32.b3 Ke7
33.Rc2c5 Rd4b4
34.Kd2 Rb4xb3
35.Rc5xa5 Rb3b1
36.Ke3 Nf4g6
37.Bf1d3 Rb1b2
38.Ra5a7 Kd6
39.a5 Ng6h4
40.Kf4 g5
41.Kxg5 Nh4xg2
42.Kg4 Ng2e1
43.Kxg3 Ne1xd3
44.h4 c5
45.h5 c4
46.Ra7a8 Rb2b5
47.a6 bxa6
48.h6 Rb5g5
49.Kh4 Rg5g2
50.Kh3 Nd3f4
51.Kh4 Ke5
52.Ra8xa6 Nf4e6
53.Ra6a5 Kf4
54.Kh3 Rg2g6
{ resign }
0-1

[Event "Match"]
[Site "www.echecsemail.com"]
[Date "2020.03.12"]
[Round "1"]
[White "Apdash"]
[Black "Patriciomeza"]
[WhiteElo "2180"]
[BlackElo "1809"]
[Result "0-1"]
[Round "1"]
1.e4 e5
2.Ng1f3 Nb8c6
3.Bf1b5 a6
4.Bb5xc6 dxc6
5.O-O f6
6.d4 exd4
7.Nf3xd4 c5
8.Nd4b3 Qd8xd1
9.Rf1xd1 Bc8g4
10.f3 Bg4e6
11.Bc1e3 b6
12.a4 Bf8d6
13.Nb1c3 Kf7
14.Nc3d5 Ng8e7
15.c4 Rh8e8
16.a5 Be6xd5
17.cxd5 c4
18.Nb3d2 b5
19.g3 Ra8d8
20.Kf2 Bd6b4
21.Be3f4 c6
22.dxc6 Ne7xc6
23.Ke2 Nc6d4
24.Kf2 Bb4c5
25.Kg2 Nd4c2
26.Ra1c1 Nc2e3
27.Bf4xe3 Bc5xe3
28.Rc1c2 Rd8d3
29.Kf1 Re8d8
30.Ke2 g6
31.h4 Be3h6
32.h5 gxh5
33.f4 Rd3xg3
34.Rd1f1 Rg3g2
35.Ke1 Rg2g4
36.Rf1h1 Bh6xf4
37.Nd2f3 Bf4g3
38.Ke2 Rg4xe4
39.Kf1 h4
40.Kg2 Ke6
41.Rh1b1 b4
42.Rb1c1 Rd8d3
43.Rc1h1 Kd5
{ resign }
0-1

[Event "Match"]
[Site "www.echecsemail.com"]
[Date "2020.03.12"]
[Round "1"]
[White "Apdash"]
[Black "Goofy"]
[WhiteElo "2200"]
[BlackElo "2380"]
[Result "0-1"]
[Round "1"]
1.e4 d6
2.d4 Ng8f6
3.Nb1c3 Nb8d7
4.f4 e5
5.Ng1f3 exd4
6.Nf3xd4 g6
7.Bf1e2 Bf8g7
8.O-O O-O
9.Bc1e3 Rf8e8
10.Be2f3 Nd7c5
11.Be3f2 Nf6xe4
12.Nc3xe4 Nc5xe4
13.Bf3xe4 Re8xe4
14.Qd1d2 b6
15.c3 Bc8b7
16.Ra1e1 Qd8d7
17.Re1xe4 Bb7xe4
18.Rf1e1 f5
19.Nd4e2 Ra8e8
20.Ne2g3 Be4b7
21.Re1xe8 Qd7xe8
22.h4 h5
23.Bf2d4 Qe8e7
24.Bd4f2 Bg7f6
25.Ng3e2 Qe7e4
26.Kf1 Qe4xg2
27.Ke1 Qg2h1
28.Ne2g1 Bf6xh4
29.b3 Qh1xg1
{ resign }
0-1

[Event "Tourn. n10306"]
[Site "www.chess-mail.com"]
[Date "2020.03.12"]
[Round "1"]
[White "Madz123456"]
[Black "Cal"]
[WhiteElo "1820"]
[BlackElo "1750"]
[Result "1-0"]
[Round "1"]
1.e4 e5
2.Ng1f3 d6
3.Bf1c4 h6
4.O-O Ng8f6
5.d4 exd4
6.e5 dxe5
7.Nf3xe5 Bc8e6
8.Bc4xe6 fxe6
9.Qd1d3 c5
10.Qd3g6 Ke7
11.Qg6f7 Kd6
12.Bc1f4 Bf8e7
13.Nb1a3 g5
14.Na3b5 Kd5
15.c4 Ke4
16.Ra1e1 Kxf4
17.g3 Kf5
18.Qf7g6 { resign }
1-0

[Event "Tourn. n10301"]
[Site "www.chess-mail.com"]
[Date "2020.03.12"]
[Round "1"]
[White "Madz123456"]
[Black "Cal"]
[WhiteElo "1680"]
[BlackElo "1680"]
[Result "1-0"]
[Round "1"]
1.e4 e5
2.Ng1f3 d6
3.Nb1c3 a6
4.d4 Bc8g4
5.dxe5 Bf8e7
6.exd6 cxd6
7.h3 Bg4h5
8.g4 Bh5g6
9.h4 h6
10.Qd1e2 Ng8f6
11.h5 Bg6h7
12.g5 Nf6g4
13.Bf1h3 Ng4e5
14.gxh6 g6
15.Bc1f4 Ne5xf3
16.Qe2xf3 Nb8c6
17.O-O-O g5
18.Bf4g3 Qd8a5
19.Nc3d5 Qa5xa2
20.Qf3c3 Bh7xe4
21.Qc3xh8 Be7f8
22.Nd5f6 Ke7
23.Bg3xd6 Kd8
24.Qh8xf8 { resign }
1-0

[Event "Tourn. n10298"]
[Site "www.chess-mail.com"]
[Date "2020.03.12"]
[Round "1"]
[White "Cal"]
[Black "Madz123456"]
[WhiteElo "1700"]
[BlackElo "1640"]
[Result "0-1"]
[Round "1"]
1.c4 e5
2.a3 Ng8f6
3.Nb1c3 c6
4.h3 d5
5.b3 d4
6.Nc3a2 Bf8d6
7.d3 O-O
8.Bc1g5 h6
9.Bg5h4 Qd8a5
10.b4 Qa5xa3
11.c5 Bd6c7
12.Bh4xf6 a5
13.Bf6e7 axb4
14.Qd1d2 b3
15.f3 Bc7a5
16.Qd2xa5 Qa3xa5
17.Kf2 Rf8e8
18.Be7d6 b2
19.Ra1d1 Qa5xa2
20.h4 b1Q
21.Rd1xb1 Qa2xb1
22.Ng1h3 Bc8xh3
23.Rh1xh3 Ra8a1
24.Bd6xb8 Qb1xf1
25.Kg3 Re8xb8
{ resign }
0-1

[Event "Tourn. n10292"]
[Site "www.chess-mail.com"]
[Date "2020.03.12"]
[Round "1"]
[White "Seger"]
[Black "Galiany17"]
[WhiteElo "2780"]
[BlackElo "2560"]
[Result "1-0"]
[Round "1"]
1.g3 d5
2.d4 Ng8f6
3.Bf1g2 c5
4.c4 dxc4
5.Qd1a4 Bc8d7
6.Qa4xc4 Nb8c6
7.dxc5 e6
8.Ng1f3 Qd8a5
9.Nb1d2 Bf8xc5
10.O-O Bc5e7
11.Nd2b3 Qa5h5
12.Rf1d1 h6
13.h3 O-O
14.g4 Qh5g6
15.Nb3c5 Be7xc5
16.Qc4xc5 Rf8d8
17.Nf3h4 Qg6h7
18.b3 Nf6d5
19.e4 b6
20.Qc5c4 Nc6e5
21.Qc4d4 Ne5c6
22.Qd4b2 Nd5e7
23.f4 Ra8c8
24.Bc1e3 Nc6b4
25.Ra1c1 Bd7b5
26.Rc1xc8 Rd8xc8
27.Qb2d2 Ne7c6
28.Qd2d7 Rc8f8
29.f5 e5
30.a4 { resign }
1-0

[Event "Tourn. n10315"]
[Site "www.chess-mail.com"]
[Date "2020.03.12"]
[Round "1"]
[White "Aders1"]
[Black "Jazzy"]
[WhiteElo "2350"]
[BlackElo "2280"]
[Result "1-0"]
[Round "1"]
1.Ng1f3 Ng8f6
2.g3 d5
3.Bf1g2 c5
4.O-O Nb8c6
5.d3 e5
6.Nb1d2 Bf8d6
7.c3 O-O
8.e4 d4
9.cxd4 cxd4
10.Nd2c4 Bd6c7
11.a4 Bc8e6
12.b3 h6
13.Nf3h4 Qd8d7
14.f4 exf4
15.Bc1xf4 Bc7xf4
16.gxf4 Nf6g4
17.Qd1f3 Ng4f6
18.f5 Be6xc4
19.bxc4 Nc6e5
20.Qf3g3 Nf6g4
21.h3 Ng4e3
22.Qg3xe5 Ne3xf1
23.Ra1xf1 Qd7xa4
24.f6 Rf8e8
25.Qe5g3 g6
26.Nh4xg6 Kh7
27.Ng6f8 { resign }
1-0

[Event "Tourn. n10315"]
[Site "www.chess-mail.com"]
[Date "2020.03.12"]
[Round "1"]
[White "Aders1"]
[Black "Virgil08bv"]
[WhiteElo "2350"]
[BlackElo "2720"]
[Result "0-1"]
[Round "1"]
1.Ng1f3 Ng8f6
2.g3 d5
3.Bf1g2 c6
4.O-O Bc8g4
5.d3 Nb8d7
6.Nb1d2 e5
7.e4 dxe4
8.dxe4 Bf8c5
9.h3 Bg4h5
10.Qd1e1 O-O
11.Nd2c4 Rf8e8
12.a4 Nd7b6
13.Nc4a5 Qd8c7
14.Nf3h4 Nf6d7
15.b4 Bc5e7
16.Nh4f5 Be7f8
17.c4 c5
18.b5 a6
19.Qe1e3 axb5
{ resign }
0-1

[Event "Match"]
[Site "www.echecsemail.com"]
[Date "2020.03.12"]
[Round "1"]
[White "Geodad5"]
[Black "Ll69"]
[WhiteElo "2070"]
[BlackElo "2290"]
[Result "0-1"]
[Round "1"]
1.e4 c5
2.Ng1f3 d6
3.d4 cxd4
4.Nf3xd4 Ng8f6
5.Nb1c3 a6
6.Bf1d3 g6
7.O-O Bf8g7
8.h3 O-O
9.Bc1e3 b5
10.a3 Bc8b7
11.Qd1d2 Nb8d7
12.f3 Ra8c8
13.Nc3e2 d5
14.exd5 Nf6xd5
15.Ra1d1 Nd5xe3
16.Qd2xe3 e5
17.Nd4b3 f5
18.c3 Qd8b6
19.Qe3xb6 Nd7xb6
20.g4 fxg4
21.fxg4 Rf8xf1
22.Rd1xf1 Nb6a4
23.Rf1b1 Rc8f8
24.Nb3d2 Na4c5
25.Bd3c2 Bg7h6
26.Nd2f1 Rf8f3
27.h4 Nc5d3
28.g5 Bh6f8
29.Nf1g3 Bf8c5
30.Kg2 Rf3f2
{ resign }
0-1

[Event "Tourn. n10268"]
[Site "www.chess-mail.com"]
[Date "2020.03.13"]
[Round "1"]
[White "Coraza"]
[Black "Cal"]
[WhiteElo "1740"]
[BlackElo "1700"]
[Result "1-0"]
[Round "1"]
1.e4 e5
2.Ng1f3 d6
3.Bf1c4 h6
4.d4 Ng8f6
5.Nb1c3 exd4
6.Qd1xd4 Nb8c6
7.Qd4d2 a6
8.O-O Bc8e6
9.Bc4xe6 fxe6
10.Rf1e1 b5
11.e5 dxe5
12.Qd2e2 Bf8c5
13.Re1d1 Qd8e7
14.Nf3xe5 Nc6d4
15.Qe2d3 O-O
16.Ne5g6 Qe7f7
17.Ng6e5 Qf7h5
18.Rd1e1 Ra8d8
19.Qd3g3 Nd4xc2
20.Bc1f4 Bc5xf2
21.Qg3xf2 Nf6g4
22.Qf2xc2 Rf8xf4
23.Ne5f3 Qh5c5
24.Kf1 Ng4e3
25.Re1xe3 Qc5xe3
26.Ra1e1 Rf4xf3
27.gxf3 Qe3xf3
28.Kg1 Rd8d6
29.Re1f1 Qf3h5
30.Qc2f2 e5
31.Qf2f8 Kh7
32.Rf1f7 Rd6g6
33.Kf1 Qh5h3
34.Ke1 Qh3e3
35.Nc3e2 Rg6g1
36.Rf7f1 Rg1g5
37.Rf1f3 Rg5g1
38.Rf3f1 Rg1g5
39.Kd1 Qe3d3
40.Ke1 Rg5g2
41.Rf1f2 Qd3b1
42.Kd2 Qb1xb2
43.Ke3 Qb2xa2
44.Rf2xg2 Qa2b3
45.Kf2 g5
46.Qf8e7 Kg6
47.Qe7xc7 Qb3e6
48.h4 g4
49.Qc7c2 Kh5
50.Rg2h2 Qe6f6
51.Ke1 a5
52.Ne2g3 { resign }
1-0

[Event "Match"]
[Site "www.echecsemail.com"]
[Date "2020.03.13"]
[Round "1"]
[White "Apdash"]
[Black "Add"]
[WhiteElo "2200"]
[BlackElo "2080"]
[Result "0-1"]
[Round "1"]
1.e4 e5
2.Ng1f3 Nb8c6
3.d4 exd4
4.Nf3xd4 Nc6e5
5.f4 Ne5g6
6.Bc1e3 d6
7.Bf1c4 Ng8f6
8.Nb1c3 c6
9.O-O Nf6xe4
10.Nc3xe4 d5
11.f5 Ng6e5
12.f6 g6
13.Bc4xd5 Qd8xd5
14.Ne4c3 Qd5d8
15.Qd1e2 Bc8g4
16.Qe2f2 Qd8c7
17.Be3f4 O-O-O
18.Nc3e2 Bf8c5
19.c3 Rh8e8
20.Ra1e1 Qc7d7
21.Qf2g3 Ne5c4
22.Kh1 Bc5d6
23.Bf4xd6 Nc4xd6
24.h3 Bg4xe2
25.Re1xe2 Re8xe2
26.Nd4xe2 Nd6f5
27.Qg3f3 Rd8e8
28.g4 Re8xe2
29.gxf5 Re2xb2
30.fxg6 hxg6
31.Rf1d1 Qd7c7
32.Kg1 Qc7b6
33.Kh1 Rb2b1
34.Qf3g4 Kb8
35.Qg4d7 Rb1xd1
36.Qd7xd1 c5
37.Qd1f1 Qb6c6
38.Kh2 Qc6d6
39.Kg2 Kc8
40.Qf1f2 Qd6d5
41.Kg1 Qd5g5
42.Kh1 Qg5c1
43.Kg2 Qc1xc3
44.h4 Qc3e5
45.Kh3 a6
46.Kg4 Qe5d4
47.Qf2xd4 cxd4
48.Kf4 d3
49.Ke3 d2
50.Kxd2 Kd7
51.Ke3 Ke6
52.Kd4 Kxf6
53.Ke4 Ke6
54.a4 b5
{ resign }
0-1

[Event "Tourn. n10298"]
[Site "www.chess-mail.com"]
[Date "2020.03.13"]
[Round "1"]
[White "Patriciomeza"]
[Black "Cal"]
[WhiteElo "1809"]
[BlackElo "1700"]
[Result "1-0"]
[Round "1"]
1.e4 e5
2.Ng1f3 d6
3.d4 Bc8g4
4.dxe5 Bf8e7
5.exd6 cxd6
6.Bf1c4 Nb8c6
7.O-O h6
8.h3 Bg4h5
9.g4 Bh5g6
10.Nb1c3 Ng8f6
11.e5 Nc6xe5
12.Bc4b3 a6
13.Nf3h4 O-O
14.f4 Ne5d7
15.Nh4xg6 Rf8e8
16.Nc3d5 fxg6
17.Nd5xf6 Kh8
18.Nf6xe8 Qd8xe8
19.Qd1f3 Ra8b8
20.Bc1e3 b5
21.Ra1e1 Nd7f6
22.g5 hxg5
23.fxg5 Nf6h5
24.Bb3f7 Qe8d7
25.Bf7xg6 Rb8f8
26.Qf3xh5 Kg8
27.Qh5h7 { resign }
1-0

[Event "Tourn. n10243"]
[Site "www.chess-mail.com"]
[Date "2020.03.13"]
[Round "1"]
[White "Tartan"]
[Black "Galiany17"]
[WhiteElo "2480"]
[BlackElo "2590"]
[Result "0-1"]
[Round "1"]
1.d4 Ng8f6
2.c4 e6
3.Nb1c3 Bf8b4
4.Qd1c2 O-O
5.a3 Bb4xc3
6.Qc2xc3 b6
7.Bc1g5 Bc8b7
8.f3 h6
9.Bg5h4 d5
10.e3 Nb8d7
11.cxd5 Nf6xd5
12.Bh4xd8 Nd5xc3
13.Bd8h4 Nc3d5
14.Bh4f2 c5
15.Bf1b5 Rf8d8
16.e4 Nd5c7
17.Bb5xd7 Rd8xd7
18.dxc5 f5
19.cxb6 axb6
20.Ng1e2 fxe4
21.fxe4 Bb7xe4
22.O-O Rd7d2
23.Ne2c3 Be4b7
24.b4 Ra8f8
25.Ra1a2 Rd2xa2
26.Nc3xa2 Nc7d5
27.Bf2d4 Rf8a8
28.Na2c3 Nd5xc3
29.Bd4xc3 Ra8xa3
30.Bc3d4 Ra3b3
31.Bd4xb6 Rb3xb4
32.Bb6c7 Bb7d5
33.Bc7d6 Rb4d4
34.Rf1f4 Rd4d2
35.Rf4f2 Rd2d1
36.Rf2f1 Rd1d4
37.Rf1f4 Rd4d3
38.Bd6e5 Rd3e3
39.Be5d4 Re3d3
40.Rf4g4 g5
41.h4 Kh7
42.hxg5 h5
43.Rg4f4 Rd3g3
44.Rf4f7 Kg6
45.Rf7g7 Kf5
46.Rg7f7 Ke4
47.Bd4f6 Ke3
48.Kh2 Rg3xg2
49.Kh3 Bd5e4
50.Bf6d8 Rg2g4
51.Kh2 Be4f5
52.Rf7a7 e5
53.Ra7e7 Rg4e4
54.Re7f7 Re4f4
55.Rf7e7 e4
56.Re7f7 Rf4f3
57.Bd8c7 Ke2
58.Bc7g3 e3
59.Rf7a7 Bf5e6
60.Ra7a4 Rf3f5
61.Bg3h4 Be6b3
62.Ra4b4 Bb3f7
63.Rb4b7 Rf5f1
64.Rb7d7 Bf7g6
65.Rd7d4 Rf1d1
66.Rd4f4 Rd1c1
67.Rf4b4 Kf3
{ resign }
0-1

[Event "Tourn. n10260"]
[Site "www.chess-mail.com"]
[Date "2020.03.13"]
[Round "1"]
[White "Claudia"]
[Black "Apdash"]
[WhiteElo "2110"]
[BlackElo "2280"]
[Result "1/2-1/2"]
[Round "1"]
1.d4 Ng8f6
2.c4 e6
3.Nb1c3 d5
4.cxd5 exd5
5.Bc1g5 Bf8b4
6.e3 O-O
7.Bf1d3 h6
8.Bg5h4 c5
9.Ng1e2 Bc8e6
10.O-O Nb8d7
11.h3 cxd4
12.exd4 Ra8c8
13.Ra1c1 Qd8a5
14.Bh4g3 a6
15.a3 Bb4xc3
16.Ne2xc3 b5
17.Bg3d6 Rf8e8
18.Bd3b1 Rc8c6
19.Bd6h2 b4
20.axb4 Qa5xb4
21.Qd1a4 Rc6b6
22.Qa4xb4 Rb6xb4
23.Bb1d3 Rb4xb2
24.Bd3xa6 Re8a8
25.Ba6d3 Rb2b4
26.Nc3e2 g6
27.Rc1a1 Rb4a4
28.Ra1xa4 Ra8xa4
29.Rf1b1 Ra4a3
30.Bd3b5 Be6f5
31.Rb1c1 Bf5d3
32.Bb5xd3 Ra3xd3
33.Bh2f4 g5
34.Bf4e3 Kg7
35.Kf1 g4
36.Ne2f4 Rd3a3
37.hxg4 Ra3a5
38.f3 Ra5a3
39.Kf2 Nd7b6
40.Nf4e2 Nb6c4
41.Rc1c3 Ra3a2
42.Kf1 h5
43.g5 Nf6e8
44.Ne2g3 Kg6
45.Ng3e2 Ne8d6
46.Ne2f4 Kxg5
47.Nf4xd5 Nc4xe3
48.Rc3xe3 Ra2d2
49.Re3e5 Kh6
50.Nd5f4 Rd2xd4
51.Re5xh5 Kg7
52.Nf4e2 Rd4d1
53.Kf2 f6
54.Rh5a5 Rd1d2
55.Ra5a6 Nd6f5
56.g4 Nf5d4
57.Ke3 Rd2xe2
58.Kxd4 Kg6
59.f4 Kf7
60.Ra6a3 Re2g2
61.g5 fxg5
62.fxg5 Rg2g4
63.Ke5 Rg4xg5
{ draw }
1/2-1/2

[Event "Tourn. n10313"]
[Site "www.chess-mail.com"]
[Date "2020.03.13"]
[Round "1"]
[White "Koudelka"]
[Black "Fantomas"]
[WhiteElo "2070"]
[BlackElo "2160"]
[Result "1-0"]
[Round "1"]
1.e4 e6
2.d4 d5
3.e5 c5
4.Ng1f3 Nb8c6
5.Bf1d3 cxd4
6.O-O h6
7.Nb1d2 Bf8c5
8.Nd2b3 Bc5b6
9.Bc1f4 Ng8e7
10.Qd1d2 Bc8d7
11.a4 Qd8c7
12.a5 Nc6xa5
13.Nb3xa5 { resign }
1-0

[Event "Tourn. n10292"]
[Site "www.chess-mail.com"]
[Date "2020.03.14"]
[Round "1"]
[White "Egdiogel"]
[Black "Jose"]
[WhiteElo "2410"]
[BlackElo "2840"]
[Result "0-1"]
[Round "1"]
1.c4 Ng8f6
2.Nb1c3 g6
3.d4 Bf8g7
4.Ng1f3 d6
5.e4 O-O
6.h3 e5
7.d5 Nf6h5
8.Bf1d3 Nh5f4
9.O-O Nf4xd3
10.Qd1xd3 f5
11.Qd3e2 f4
12.Rf1d1 h5
13.b3 g5
14.Nf3h2 g4
15.hxg4 hxg4
16.Nh2xg4 Kf7
17.f3 Rf8h8
18.Ng4f2 Nb8a6
19.Nf2d3 Qd8g5
20.Qe2f2 Bg7f6
21.b4 Bc8d7
22.b5 Na6c5
23.Nd3xc5 dxc5
24.Kf1 Rh8h2
25.Rd1d2 Bd7h3
26.Qf2g1 Qg5g3
{ resign }
0-1

[Event "Match"]
[Site "www.echecsemail.com"]
[Date "2020.03.14"]
[Round "1"]
[White "Patriciomeza"]
[Black "Liencam2"]
[WhiteElo "1809"]
[BlackElo "2230"]
[Result "1-0"]
[Round "1"]
1.e4 c5
2.Ng1f3 e6
3.d4 cxd4
4.Nf3xd4 a6
5.c4 b6
6.Nb1c3 Bc8b7
7.a3 Nb8c6
8.Bf1e2 Ng8f6
9.Bc1f4 d6
10.Nd4xc6 Bb7xc6
11.Qd1d3 Bf8e7
12.Ra1d1 e5
13.Bf4g5 Qd8c7
14.Bg5xf6 gxf6
15.Be2g4 Rh8g8
16.Qd3h3 Bc6d7
17.Nc3d5 Qc7c8
18.Bg4xd7 Qc8xd7
19.Qh3xd7 Kxd7
20.Nd5xb6 Kc6
21.Nb6xa8 Rg8xa8
22.Rd1d5 Ra8b8
23.b4 Be7d8
24.Ke2 Bd8b6
25.Rh1d1 Bb6c7
26.c5 Rb8d8
27.a4 Rd8b8
28.cxd6 Bc7d8
29.d7 { resign }
1-0